Applied meta-analysis for social science research
Offering pragmatic guidance for planning and conducting a meta-analytic review, this book is written in an engaging, nontechnical style that makes it ideal for graduate course use or self-study. The author shows how to identify questions that can be answered using meta-analysis, retrieve both publis...
保存先:
| 第一著者: | |
|---|---|
| フォーマット: | 図書 |
| 言語: | Undetermined |
| 出版事項: |
New York
Guilford Press
2012
|
| 主題: | |
| タグ: |
タグ追加
タグなし, このレコードへの初めてのタグを付けませんか!
|
| Thư viện lưu trữ: | Trung tâm Học liệu Trường Đại học Cần Thơ |
|---|
| LEADER | 01694nam a2200229Ia 4500 | ||
|---|---|---|---|
| 001 | CTU_238427 | ||
| 008 | 210402s9999 xx 000 0 und d | ||
| 082 | |a 300.72 | ||
| 082 | |b C266 | ||
| 100 | |a Card, Noel A. | ||
| 245 | 0 | |a Applied meta-analysis for social science research | |
| 245 | 0 | |c Noel A. Card ; Series editor's note by Todd D. Little | |
| 260 | |a New York | ||
| 260 | |b Guilford Press | ||
| 260 | |c 2012 | ||
| 520 | |a Offering pragmatic guidance for planning and conducting a meta-analytic review, this book is written in an engaging, nontechnical style that makes it ideal for graduate course use or self-study. The author shows how to identify questions that can be answered using meta-analysis, retrieve both published and unpublished studies, create a coding manual, use traditional and unique effect size indices, and write a meta-analytic review. An ongoing example illustrates meta-analytic techniques. In addition to the fundamentals, the book discusses more advanced topics, such as artifact correction, random- and mixed-effects models, structural equation representations, and multivariate procedures. User-friendly features include annotated equations; discussions of alternative approaches; and "Practical Matters" sections that give advice on topics not often discussed in other books, such as linking meta-analytic results with theory and the utility of meta-analysis software programs. | ||
| 526 | |a Luận văn tốt nghiệp | ||
| 526 | |b SPA000 | ||
| 650 | |a Khoa học xã hội,Social sciences | ||
| 650 | |x Phương pháp thống kê,Statistical methods | ||
| 910 | |b vtbtruc | ||
| 980 | |a Trung tâm Học liệu Trường Đại học Cần Thơ | ||